000 01521nam a22002177a 4500
005 20240208125728.0
008 s2552 th tha d
041 _atha
090 _aว KR34 ส254ป 2552
100 0 _aสมบัติ โชติวงศ์
245 1 0 _aปัญหาเกี่ยวกับการใช้ดุลพินิจของเจ้าหน้าที่ของรัฐในการไม่เปิดเผยข้อมูลข่าวสารของราชการ ศึกษากรณีตามมาตรา 15(2) และ (3) แห่งพระราชบัญญัติข้อมูลข่าวสารของราชการ พ.ศ. 2540
260 3 _aกรุงเทพฯ :
_bมหาวิทยาลัยธุรกิจบัณฑิตย์,
_c2552
300 _a152 หน้า ;
_b 30 ซม.
650 0 4 _aข้อมูลข่าวสารของราชการ -- กฎหมายและระเบียบข้อบังคับ -- วิจัย
650 0 4 _aมหาวิทยาลัยธุรกิจบัณฑิตย์. นิติศาสตรมหาบัณฑิต -- วิทยานิพนธ์
850 _aNALT
942 _cRSH
_03
997 _a37228
_kVC
997 _c000000000061770
998 _aนางสาวชัชฎา จูฑะรักษ์
_j111
_k นางสาวพจพิณ พรมเอี่ยม
999 _c61770
_d61770